000
00206nam a2200085Ia 4500
008
120527s9999 xx 000 0 und d
100
_a
MADER, S.S
245
_a
Inquiry into life laboratory manual
942
_c
BK
999
_c
25579
_d
25579